TOP 55 FIFA WORLD RANKING (PL) - Statystyki

Ogólne statystyki
  • Ten quiz został rozwiązany 7 449 razy
    3 355 od ostatniego zresetowania
  • Średni wynik to 40 z 55
Statystyki odpowiedzi
MIEJSCE NAZWA DRUŻYNY % Poprawnych
21 Polska
99%
3 Brazylia
97%
2 Francja
97%
8 Argentyna
96%
6 Hiszpania
94%
12 Niemcy
94%
5 Portugalia
94%
4 Anglia
93%
1 Belgia
93%
38 Rosja
91%
7 Włochy
91%
16 Holandia
88%
20 Stany Zjednoczone
88%
18 Szwecja
87%
24 Ukraina
86%
28 Japonia
85%
11 Meksyk
85%
14 Chorwacja
84%
40 Czechy
80%
42 Norwegia
80%
15 Kolumbia
78%
36 Słowacja
78%
13 Szwajcaria
78%
9 Urugwaj
78%
10 Dania
77%
46 Egipt
77%
19 Chile
76%
22 Senegal
76%
23 Austria
73%
47 Irlandia
73%
54 Finlandia
72%
17 Walia
72%
41 Australia
71%
34 Maroko
71%
51 Grecja
70%
39 Korea Południowa
70%
29 Turcja
70%
25 Serbia
69%
37 Węgry
68%
44 Szkocja
67%
27 Peru
66%
43 Rumunia
59%
53 Ekwador
57%
31 Iran
57%
52 Islandia
57%
33 Algieria
55%
32 Nigeria
55%
50 Kostaryka
54%
55 Kamerun
53%
26 Tunezja
50%
49 Ghana
48%
35 Paragwaj
48%
30 Wenezuela
47%
48 Irlandia Północna
41%
45 Jamajka
21%
Nie znaleziono quizów pasujących do podanych kryteriów
Rozkład punktacji
Procent ludzi z każdym wynikiem
Percentyl według liczby udzielonych odpowiedzi
Twoja historia wyników
Nie rozwiązałeś tego quizu od ostatniego zresetowania